000 00630nam a2200241Ia 4500
003 OSt
005 20220927110348.0
006 a|||||r|||| 00| 0
007 ta
008 220926b |||||||| |||| 00| 0 eng d
024 _a64108
037 _cReports
040 _aRTL
_cRTL
_beng
041 _2eng
_aeng
082 _a"X0aR, L7/TD"
100 _aGodlier M
_9376703
245 0 _aRationality & Traditionality in Economics
260 _aNwe
_bYork Mathly Review Pres India
_c1977
300 _a326p
_ccm.
650 _aAir
_9353287
942 _h"X0aR, L7/TD"
_cCC
999 _c695826
_d695826